Economic and monetary union in Europe moving beyond Maastricht
Guardado en:
| Autor principal: | |
|---|---|
| Formato: | Libro |
| Lenguaje: | inglés |
| Publicado: |
Cambridge
Cambridge University Press
1996
|
| Materias: | |
| Etiquetas: |
Sin Etiquetas, Sea el primero en etiquetar este registro!
|
MARC
| LEADER | 00000nam a2200000 4500 | ||
|---|---|---|---|
| 001 | c117260 | ||
| 005 | 20231215115113.7 | ||
| 020 | |a 0-521-55883-2 | ||
| 041 | 0 | |a eng | |
| 044 | |a GB | ||
| 245 | 1 | 0 | |a Economic and monetary union in Europe |b moving beyond Maastricht |c Peter B. Kenen |
| 264 | 1 | |a Cambridge |b Cambridge University Press |c 1996 | |
| 300 | |a [211] s. | ||
| 610 | 2 | 0 | |a mena |
| 610 | 2 | 0 | |a peniaze |
| 610 | 2 | 0 | |a únie menové |
| 610 | 2 | 0 | |a banky |
| 610 | 2 | 0 | |a politika fiškálna |
| 610 | 2 | 0 | |a obdobie prechodné |
| 610 | 2 | 0 | |a Európa |
| 100 | 1 | |a Kenen, Peter B. | |